Quizzes
Events
Quiz Creation
Community
Videos
Private Events
Remove Ads
Sign In
Join for FREE
Feedback
Dark Mode
Quiz Categories
Sports
Geography
Music
Movies
Television
Just For Fun
Miscellaneous
History
Literature
Language
Science
Gaming
Entertainment
Religion
Holiday
For Kids
Quiz Lab
Recent
Popular Today
Quiz Kudos Today
Editor Picks
Curator Picks
Quizzes by...
Day
Popularity
Type
Ratings
Length
Year
Community
Subscriptions
Recent Discussions
Orange Saloon
Badges
Playlists
Quests
Create
Leaderboards
Showdown
Live 5
Trivia Bingo
Activity
Puzzle Library
Sporcle Events
Private Events
Virtual Trivia
Globe League
Become a Host
Pub Owners
SporcleCon
Opinionation
Our Games
Videos
Blog
Mobile Apps
Partnerships
Remove Ads and Go Orange
Feedback
Science
Computer
Plants
Astronomy
Chemistry
Elements
Math
Animal
Physics
Anatomy
Biology
Geology
General Science
Science
Computer
Plants
Astronomy
Chemistry
Elements
Math
Animal
Physics
Anatomy
Biology
Geology
General Science
Random Quiz
Search Sporcle
×
Quiz Lab
Quiz Lab
Science
class
Type in answers that appear in a list
Type in answers that appear in a list
Classic
Best Score? Go Orange.
Complexity Classes Stats
Can you name the Complexity Classes?
By
clam
15m
20 Questions
43 Plays
43 Plays
43 Plays
Comments
Comments
Give Quiz Kudos
Give Quiz Kudos
-
- Ratings
hide this ad
More Info
Replay
Link that replays current quiz
Next Quiz
Link to next quiz in quiz playlist
You Got
0%
They Got
Avg Score
42%
Avg Friend Score
Upgrade to see
Score Distribution
Jump to the score distribution portion of the page
Score
0/20
Timer
15:00
0
Plays Today
Class Description
Complexity Class
% Correct
Solvable in polynomial time
P
97.7%
Verifiable in polynomial time
NP
95.3%
Solvable in polynomial space
PSPACE
72.1%
Solvable in logarithmic space
L
62.8%
Solvable in exponential time
EXP
55.8%
Verifiable in logarithmic space
NL
53.5%
Solvable with bounded error in probabilistic polynomial time
BPP
46.5%
Solvable with one-
sided error in probabilistic polynomial time
RP
46.5%
Solvable in expected polynomial time
ZPP
37.2%
Verifiable with bounded error in probabilistic polynomial time, interacting with a prover
IP
34.9%
Class Description
Complexity Class
% Correct
Solvable with bounded error in quantum polynomial time
BQP
32.6%
Everything
ALL
32.6%
Solvable with error less than 1/
2 in probabilistic polynomial time
PP
30.2%
Nothing
NONE
27.9%
Solvable in polynomial time with an oracle to SAT
P^NP
23.3%
Solvable in polynomial time with polynomial advice
P|Poly
20.9%
Solvable with constant depth circuits
AC0
20.9%
Verifiable with bounded error in probabilistic polynomial time
MA
18.6%
Verifiable with bounded error in probabilistic polynomial time, interacting with multiple provers
MIP
18.6%
Verifiable with bounded error in quantum polynomial time
QMA
14%
Quiz Playlist
Details
Report
Send in Message
Add To Playlist
More Info:
Name the complexity class described
Classic:
Type in answers that appear in a list
Last Updated: Feb 16, 2017
Quiz Scoreboard
CHALLENGE
Sign Up to Join the Scoreboard
Show All
Scores
Hide
Comments
May contain spoilers
Recently Published
Movies - When Are They Set?
by FPL_Elf
Movies
5m
Popular People in 1961
by mucciniale
History
6m
1-10 Letter E Words III
by El_Dandy
Language
2m
More to Explore
Quiz From the Vault
Featured Blog Post
Where Did the Easter Bunny Come From?
hide this ad
You Might Also Like...
Tags
class
description
Today's Top Quizzes in Science
Browse Science
hide this ad
Today's Top Quizzes in class
Browse class
Top Contributed Quizzes in Science
1
Quick Pick: 'CI-CJ' Animals
2
One Thing in Common: Science
3
One Thing in Common: Science III
4
Elements In Images
5
Quick Pick: Radians
6
Sporcle Puzzle Hunt: Science
7
Square Numbers Scrambled (1-50)
8
One Thing in Common: Science II
9
Glycolysis
10
1 to 50
Explore More
Trending Topics
Crossword
Disney
Kpop
Marvel
NBA
Anime
Harry Potter
NFL
Pokémon
Soccer
Puzzle
The Office
Song
Country
WWE
hide this ad
More By:
clam
Quiz
Plays
Rating
Category
Featured
Created
Complexity Classes
43
5.00
Science
Nov 29, 2010
Clam-agrams
20
5.00
Language
Sep 28, 2010
Go to Creator's Profile
Score Distribution
Quiz Creator Spotlight
clam
Follow
Send a Message
Quizzes Created
-
Created Quiz Play Count
-
More By This Creator
Popular Quizzes Today
1
Find the Countries of Europe - No Outlines Minefield
2
Find the US States - No Outlines Minefield
3
The Countries of the World
4
Popular People in 1961
5
US States
6
1-10 Letter E Words III
7
Find the US States
8
One Thing in Common: World Cities II
More Science Quizzes
What Kind of Animal?
Curator's Pick
Trending Quizzes
Risky Map Clicking: Least Populous States A-Z
1-10 Letter F Words
1-10 Letter G Words
One Thing in Common: United Kingdom
Risky Map Clicking: Next State Alphabetically
Recently Updated
Leaping Animals
pecheneg
Reality TV Shows (A-Z)
bhenderson79
Rickey Henderson's Hall of Fame Teammates
pecheneg
Champions League XIs: Arsenal
pecheneg
Quick Pick: Celebrities in WWE's Hall of Fame
aduchscher
A-Z Keypad Blitz II
pecheneg
Multiple Oscar Actors
pecheneg
Mystery Phrase Blitz: Oscar 'Best Actors'
pecheneg
F. Scott Fitzgerald Novels
LTH
Pick 3 Villains
ddd62291
Trending Topics
Marvel
Anime
Kpop
Disney
Crossword
Harry Potter
NBA
Soccer
Country
Song
Pokémon
WWE
Puzzle
NFL
The Office
Your Account Isn't Verified!
In order to create a playlist on Sporcle, you need to verify the email address you used during registration. Go to your
Sporcle Settings
to finish the process.
Report this User
Report this user for behavior that violates our
Community Guidelines
.
Details:
Send Report
Go to the Sporcle.com Mobile Site →
Comments